Statystyki dla Najczęściej Odwiedzane Polskie Strony Internetowe

Kliknij tutaj aby rozwiązać quiz!

Ogólne statystyki

  • Ten quiz został rozwiązany 177 razy
  • Średni wynik to 5 z 14

Statystyki odpowiedzi

Liczba użytkownikówRodzaj portaluStrona internetowa% Poprawnych
15 969 636Platforma handlowaallegro.pl
85%
18 295 146Informacje i publicystykawp.pl
75%
17 435 898Informacje i publicystykaonet.pl
73%
12 141 252Platforma handlowaolx.pl
65%
15 704 280Informacje i publicystykainteria.pl
54%
14 736 168Informacje i publicystykagazeta.pl
27%
12 552 084Informacje i publicystykao2.pl
26%
10 009 008Informacje i publicystykatvn24.pl
17%
13 172 868Platforma handlowaceneo.pl
14%
11 006 604Zdrowie i medycynamedonet.pl
13%
14 015 592Sklep internetowymediaexpert.pl
10%
10 535 508Informacje lokalne i regionalnenaszemiasto.pl
10%
12 462 012Informacje i publicystykase.pl
6%
10 504 728Zdrowie i medycynaabczdrowie.pl
3%

Rozkład punktacji

Percentyl według liczby udzielonych odpowiedzi

Procent ludzi z każdym wynikiem

Twoja historia wyników

Nie rozwiązałeś tego quizu